000 00712nam a2200241Ia 4500
003 OSt
005 20220923223100.0
006 a|||||r|||| 00| 0
007 ta
008 220922b |||||||| |||| 00| 0 hin d
024 _a210,907
037 _cTextual
040 _aARTS
_cARTS
_bhin
041 _2hin
_ahin
082 _aO152,3N337,11, M7
100 _aयात्री, से रा
245 0 _aजली रस्सी
246 _aJalī rassī
260 _aदिल्ली
_b पांडुलिपि प्रका0
_c1987
300 _a143पृ.
_ccm.
942 _hO152,3N337,11, M7
_cTEXL
_2CC
999 _c361186
_d361186